000 01315nam a22002417a 4500
001 9753
003 FISKH
005 20260206091645.0
008 260206b cb ||||| |||| 00| 0 eng d
020 _a9781316611203
040 _aFISKH
_beng
_cFISKH
_dFISKH
050 _aPZ7
082 _a421
100 _aBaxter, Fiona
_eAuthor
245 _aCambridge primary Science challenge 5 /
_cFiona Baxter and Liz Dilley
260 _aNew York :
_bCambridge,
_c2016.
300 _a72 pages :
_billustrations ;
_c28 cm
520 _aCambridge Primary Science is a flexible and engaging course written specifically for the Cambridge Primary Science Curriculum Stages 1 to 6. The course uses an enquiry-led approach focussed on making pupils think and work scientifically. The Challenge Activity Books provide extension activities for children who need more challenging activities to stretch their skills beyond the standard for success expected in Primary school. They include a full range of carefully levelled activities which help stretch and deepen a child’s understanding, plus helpful guidance for explaining to the learner, teacher or parent the key scientific methods and concepts underpinning each exercise.
650 _aScience
700 _aDilley, Liz
_eAuthor
942 _2ddc
_cBK
_n0
999 _c9753
_d9753